000 00829nam a2200277Ia 4500
001 Z_1709
003 CHAP
008 220113s1999 xx 000 0 und d
010 _a164801
040 _cCHAP
090 _aTesis R 1366
100 _aRaygoza Uscanga, Bernardo
_994828
245 _aEstimación de parámetros genéticos en líneas S, de maíz (Zea Mays L.) tolerante a suelos áridos /
_cpor Bernardo Raygoza Uscanga
260 _aChapingo, Méx. :
_bEl autor,
_c1999
300 _a62 h.
502 _aTesis (Ing. Agr. Esp. en Zootecnia) -- UACH. Departamento de Zootecnia
650 _aMaíz
_x Genética
_970963
650 _aMaíz
_xMejoramiento
_971006
650 _aSuelos
_xAcidez
_9110192
901 _aTESIS R 1366
902 _aM
910 _a1999
942 _c2
942 _c2
999 _c164801
_d164801